<?xml version="1.0" encoding="UTF-8"?>
<record
    xmlns:xsi="http://www.w3.org/2001/XMLSchema-instance"
    xsi:schemaLocation="http://www.loc.gov/MARC21/slim http://www.loc.gov/standards/marcxml/schema/MARC21slim.xsd"
    xmlns="http://www.loc.gov/MARC21/slim">

  <leader>00650nam a22001457a 4500</leader>
  <datafield tag="999" ind1=" " ind2=" ">
    <subfield code="c">38493</subfield>
    <subfield code="d">38493</subfield>
  </datafield>
  <datafield tag="082" ind1=" " ind2=" ">
    <subfield code="a">RS.0963</subfield>
  </datafield>
  <datafield tag="100" ind1=" " ind2=" ">
    <subfield code="a">Saxena, Ashish</subfield>
    <subfield code="u">University of Allahabad</subfield>
    <subfield code="v">Allahabad - Uttar Pradesh</subfield>
  </datafield>
  <datafield tag="245" ind1=" " ind2=" ">
    <subfield code="a">State Initiatives Changing Agrarian Society and The Backward Castes:</subfield>
    <subfield code="b">A Study of Social Mobility Among Dalits of Rural Eastern U.P</subfield>
    <subfield code="c">/ Ashish Saxena</subfield>
  </datafield>
  <datafield tag="260" ind1=" " ind2=" ">
    <subfield code="a">Allahabad:</subfield>
    <subfield code="b">University of Allahabad,</subfield>
    <subfield code="c">2017</subfield>
  </datafield>
  <datafield tag="300" ind1=" " ind2=" ">
    <subfield code="a">251p.</subfield>
  </datafield>
  <datafield tag="500" ind1=" " ind2=" ">
    <subfield code="a">Including Pictures and References</subfield>
  </datafield>
  <datafield tag="536" ind1=" " ind2=" ">
    <subfield code="a">Indian Council of Social Science Research (ICSSR)</subfield>
  </datafield>
  <datafield tag="650" ind1=" " ind2=" ">
    <subfield code="a">Social Mobility</subfield>
    <subfield code="a">Dalits</subfield>
    <subfield code="v">Caste System</subfield>
    <subfield code="v">Social Class </subfield>
    <subfield code="x">Sociology</subfield>
    <subfield code="z">Eastern Uttar Pradesh</subfield>
  </datafield>
  <datafield tag="942" ind1=" " ind2=" ">
    <subfield code="2">ddc</subfield>
    <subfield code="c">RP</subfield>
  </datafield>
  <datafield tag="952" ind1=" " ind2=" ">
    <subfield code="0">0</subfield>
    <subfield code="1">0</subfield>
    <subfield code="4">0</subfield>
    <subfield code="7">1</subfield>
    <subfield code="8">IRP</subfield>
    <subfield code="a">NASSDOC</subfield>
    <subfield code="b">NASSDOC</subfield>
    <subfield code="d">2023-06-20</subfield>
    <subfield code="e">Research Report Division</subfield>
    <subfield code="l">0</subfield>
    <subfield code="o">RS.0963</subfield>
    <subfield code="p">53719</subfield>
    <subfield code="r">2023-06-20 00:00:00</subfield>
    <subfield code="w">2023-06-20</subfield>
    <subfield code="y">RP</subfield>
  </datafield>
</record>
